000 00729nam a2200229Ia 4500
003 OSt
005 20220927112327.0
006 a|||||r|||| 00| 0
007 ta
008 220926b |||||||| |||| 00| 0 eng d
024 _a152939
037 _cReports
040 _aRTL
_cRTL
_beng
041 _2eng
_aeng
082 _a"X9(J).2.N5s, J6/GD"
110 _a"India, (Ministry of-) F00d And Agriculture And Directorate Of Statistics"
_9383535
245 0 _aAgricultural statistics of reorganised states
260 _c1956
700 _a"India, (Ministry of-) F00d And Agriculture And Directorate Of Statistics"
_9383536
942 _h"X9(J).2.N5s, J6/GD"
_cCC
999 _c700086
_d700086